Management v USA Názory, zkušenosti - úspěchy, prohry, naděje
Salvato in:
| Autore principale: | |
|---|---|
| Altri autori: | |
| Natura: | Libro |
| Lingua: | ceco |
| Pubblicazione: |
Praha
Inst. říz.
1990
|
| Edizione: | 2. dopln. vyd. |
| Tags: |
Nessun Tag, puoi essere il primo ad aggiungerne!!
|
MARC
| LEADER | 00000nam a2200000 4500 | ||
|---|---|---|---|
| 001 | c027566 | ||
| 005 | 20221215120146.1 | ||
| 041 | 0 | |a cze | |
| 044 | |a CZ | ||
| 245 | 1 | 0 | |a Management v USA |b Názory, zkušenosti - úspěchy, prohry, naděje |c Leo Vodáček, Václav Dvořák |
| 250 | |a 2. dopln. vyd. | ||
| 264 | 1 | |a Praha |b Inst. říz. |c 1990 | |
| 300 | |a 119 s. | ||
| 100 | 1 | |a Vodáček, Leo | |
| 700 | 1 | |a Dvořák, Václav | |